عرض عادي
عرض مارك
- McLennan, Alexander G.
مدخل إسم شخص
001 - رقم الضبط
- حقل الضبط: 64884
003 - معرف رقم الضبط
- حقل الضبط: OSt
005 - تاريخ ووقت أخر عملية
- حقل الضبط: 20180921163633.0
008 - عناصر بيانات ثابتة الطول
- حقل تحكم ثابت الطول: 180921|| aca||aabn | a|a d
040 ## - مصدر الفهرسة
- هيئة الفهرسة الأصلية: OSt
- وكالة الكتابة: OSt
100 ## - مدخل -- أسم شخص
- إسم شخص: McLennan, Alexander G.
670 ## - بيانات المصدر موجوده
- الاستشهاد بالمصدر: Work cat.: (OSt)0: Molecular biology /, c2013.
